00908nam a2200265Ia 450000500170000000800410001702000180005810000310007624500900010725000330019730000250023049000140025553400360026965000360030565000400034165000290038165000320041070000360044226400300047833600270050833700330053533800280056804000350059608400110063120220317001608.0161108s2015 s g 000 f s  a97884339673051 aHouellebecq, Micheld1958-14aLas partículas elementalescMichel Houellebecq ; traducción de Encarna Castejón aVigésima primera edición a320 páginasc21 cm aCompactos tLes particules élémentaires142LEMBaNovela francesaySiglo XX142LEMBaLiteratura francesaySiglo XX142LEMBaNarrativa francesa142LEMBaSexo en la literatura1 aCastejón, Encarnaetraductora aBarcelonabAnagramac2015 atextobtxt2rdacontent asin mediaciónbn2rdamedia avolumenbnc2rdacarrier aCO-BoRNBPbspaerdacCO-BoRNBP aN HOU1